000 00548nam a2200217Ia 4500
003 0100
008 130303s9999 xx 000 0 und d
020 _a0415903122
040 _cARRUPELIB
050 _aB3318.H44S37 1990
100 _aSchrift, Alan D
245 _aNietzsche and the question of interpretation
245 _bBetween hermeneutics and deconstruction
260 _aNew York
260 _bRoutledge
260 _C1990
300 _axvii
300 _b249p. 23cm
650 _bKant, Immanuel, 1724-1804
942 _2lcc
_02
999 _c61694
_d61694